Satellite communications systems : (Record no. 19850)
[ view plain ]
| 000 -LEADER | |
|---|---|
| fixed length control field | 00919nam a22002655a 4500 |
| 005 - DATE AND TIME OF LATEST TRANSACTION | |
| control field | 20150810145153.0 |
| 008 - FIXED-LENGTH DATA ELEMENTS--GENERAL INFORMATION | |
| fixed length control field | 150624r20142009ii a fr 001 0 eng d |
| 020 ## - INTERNATIONAL STANDARD BOOK NUMBER | |
| International Standard Book Number | 9788126549269 |
| 040 ## - CATALOGING SOURCE | |
| Original cataloging agency | EG-ScBUE |
| Language of cataloging | eng |
| Transcribing agency | EG-ScBUE |
| 082 04 - DEWEY DECIMAL CLASSIFICATION NUMBER | |
| Classification number | 621.3825 |
| Item number | MAR |
| Edition number | 22 |
| 100 1# - MAIN ENTRY--PERSONAL NAME | |
| Personal name | Maral, Gérard. |
| 9 (RLIN) | 38296 |
| 245 10 - TITLE STATEMENT | |
| Title | Satellite communications systems : |
| Remainder of title | systems, techniques and technology / |
| Statement of responsibility, etc | Gérard Maral, Michel Bousquet. |
| 250 ## - EDITION STATEMENT | |
| Edition statement | 5th ed., Reprint. |
| 260 ## - PUBLICATION, DISTRIBUTION, ETC. (IMPRINT) | |
| Place of publication, distribution, etc | New Delhi : |
| Name of publisher, distributor, etc | John Wiley & Sons, |
| Date of publication, distribution, etc | 2014. |
| 300 ## - PHYSICAL DESCRIPTION | |
| Extent | xxvii, 713 p. : |
| Other physical details | ill. ; |
| Dimensions | 25 cm. |
| 500 ## - GENERAL NOTE | |
| General note | Index : p. 697-713. |
| 500 ## - GENERAL NOTE | |
| General note | Reprint of the 2009 ed. |
| 504 ## - BIBLIOGRAPHY, ETC. NOTE | |
| Bibliography, etc | Includes bibliographical references. |
| 650 #0 - SUBJECT ADDED ENTRY--TOPICAL TERM | |
| Topical term or geographic name as entry element | Artificial satellites in telecommunication. |
| Source of heading or term | BUEsh |
| 9 (RLIN) | 10184 |
| 651 ## - SUBJECT ADDED ENTRY--GEOGRAPHIC NAME | |
| Source of heading or term | BUEsh |
| 653 ## - INDEX TERM--UNCONTROLLED | |
| Resource For college | Engineering, General |
| Arrived date list | June2015 |
| -- | August2015 |
| 655 ## - INDEX TERM--GENRE/FORM | |
| Form subdivision | |
| -- | 34232 |
| 700 1# - ADDED ENTRY--PERSONAL NAME | |
| Personal name | Bousquet, Michel. |
| 942 ## - ADDED ENTRY ELEMENTS (KOHA) | |
| Source of classification or shelving scheme | Dewey Decimal Classification |
| Call number prefix | 621.3825 MAR |
| Withdrawn status | Lost status | Source of classification or shelving scheme | Damaged status | Not for loan | Koha collection | Home library | Current library | Shelving location | Date acquired | Source of acquisition | Cost, normal purchase price | Serial Enumeration / chronology | Total Checkouts | Total Renewals | Full call number | Barcode | Date last seen | Date last borrowed | Cost, replacement price | Koha item type |
|---|---|---|---|---|---|---|---|---|---|---|---|---|---|---|---|---|---|---|---|---|
| Dewey Decimal Classification | Alahram | Central Library | Central Library | First floor | 24/06/2015 | 161.00 | 337 | 2 | 4 | 621.3825 MAR | 000038666 | 15/07/2025 | 20/10/2020 | 201.25 | Book - Borrowing |